Countries of South America sprint - Statistics

General Stats
  • This quiz has been taken 17 times
  • The average score is 11 of 12
Answer Stats
Answer % Correct
Argentina
100%
Brazil
100%
Bolivia
93%
Chile
93%
Colombia
93%
Paraguay
93%
Peru
93%
Uruguay
93%
Guyana
87%
Suriname
87%
Venezuela
87%
Ecuador
80%
No matching quizzes found
Score Distribution
Percent of People with Each Score
Percentile by Number Answered
Your Score History
You have not taken this quiz